Optics of thin films : (Record no. 131722)
[ view plain ]
| 000 -LEADER | |
|---|---|
| fixed length control field | 00567cam5a220019300 4500 |
| 001 - CONTROL NUMBER | |
| control field | tmp15943652 |
| 003 - CONTROL NUMBER IDENTIFIER | |
| control field | UPRA |
| 005 - DATE AND TIME OF LATEST TRANSACTION | |
| control field | 20190822110027.0 |
| 008 - FIXED-LENGTH DATA ELEMENTS--GENERAL INFORMATION | |
| fixed length control field | 951114s1976 xx eng u |
| 035 ## - SYSTEM CONTROL NUMBER | |
| System control number | (Sirsi) r50745 |
| 035 ## - SYSTEM CONTROL NUMBER | |
| System control number | (UPRA)tmp15943652 |
| 040 ## - CATALOGING SOURCE | |
| Transcribing agency | UPRA |
| 100 1# - MAIN ENTRY--PERSONAL NAME | |
| Personal name | Knittl, Zdenek. |
| Linkage | A8601.1 |
| 245 10 - TITLE STATEMENT | |
| Title | Optics of thin films : |
| Remainder of title | [an optical multilayer theory]. |
| 260 ## - PUBLICATION, DISTRIBUTION, ETC. | |
| Date of publication, distribution, etc. | 1976. |
| 949 ## - LOCAL PROCESSING INFORMATION (OCLC) | |
| a | QC176.84 |
| w | lcc |
| i | 33729001805626 |
| m | MAIN |
| p | 2500 |
| t | BOOK |
| l | ON-SHELF |
| 949 ## - LOCAL PROCESSING INFORMATION (OCLC) | |
| a | QC176.84 |
| w | lcc |
| i | 33729001805683 |
| m | MAIN |
| p | 2500 |
| t | BOOK |
| l | ON-SHELF |
No items available.